Máte veci pod kontrolou?
Typológia manažérov. Rozličné spôsoby a štýly riadenia. Typy vedúcich pracovníkov podľa spôsobu a štýlu riadenia. Manažér - charakteristika a povahové vlastnosti. Pojem líder. Charakteristika vedúceho. Charakteristické črty úradníka. Bojovnícky typ manažéra. Klasifikácia šéfov. Čisté typy neexistujú...
Salvato in:
| Natura: | Capitolo di libro |
|---|---|
| Lingua: | slovacco |
| Soggetti: | |
| Tags: |
Nessun Tag, puoi essere il primo ad aggiungerne!!
|
MARC
| LEADER | 00000naa$a2200000$$$4500 | ||
|---|---|---|---|
| 001 | 0015123 | ||
| 005 | 20230926071512.7 | ||
| 041 | 0 | |a slo | |
| 044 | |a SK | ||
| 245 | 1 | 0 | |a Máte veci pod kontrolou? |
| 520 | |a Typológia manažérov. Rozličné spôsoby a štýly riadenia. Typy vedúcich pracovníkov podľa spôsobu a štýlu riadenia. Manažér - charakteristika a povahové vlastnosti. Pojem líder. Charakteristika vedúceho. Charakteristické črty úradníka. Bojovnícky typ manažéra. Klasifikácia šéfov. Čisté typy neexistujú. Organizačná kombinácia typov. Pohľad odborníkov. | ||
| 610 | 2 | 0 | |a riadenie |
| 610 | 2 | 0 | |a vedenie |
| 610 | 2 | 0 | |a manažéri |
| 610 | 2 | 0 | |a riadenie vrcholové |
| 610 | 2 | 0 | |a typológia |
| 610 | 2 | 0 | |a typológia pracovníkov |
| 610 | 2 | 0 | |a klasifikácia |
| 610 | 2 | 0 | |a lídri |